000 00544nam a2200181 4500
001 148875
003 ES-MaACL
005 20230906202842.0
007 t|
008 070214s1910 fr r ||||1| fre d
100 1 _aSudermann, Hermann.
_9108717
245 1 3 _aLe cantique des cantiques /
_cpar Hermann Sudermann ; traduit par Maurice Remon, N. Valentin.
260 _aParis :
_bBerger et Chause,
_c1910.
300 _a572 p. ;
_c21 cm.
700 0 _aRémon, Maurice.
_996143
700 1 _aValentin, N.
_9112607
852 _aES-MaACL
_jF-2671
999 _c148875
_d148875